00358nam a2200133 4500001000700000003000900007007000300016008004100019100002000060245005200080260004400132300002800176852002000204149120ES-MaACLt|070214s1916 xxk r ||||1| eng d1 aSymons, Arthur.10aFigures of several centuries / cArthur Symons. aLondon : bT. and A, Constable, c1916. aVIII, 398 p. ; c22 cm. aES-MaACLjC-820